| 000 | 00553nac a22001691u 4500 | ||
|---|---|---|---|
| 020 | _a0632022485 | ||
| 082 |
_a690 _bB279 |
||
| 090 |
_c973 _d973 |
||
| 100 | _aBarry, R. | ||
| 245 |
_aThe construction of buildings. _nVol.5, _pSupply and discharge services. |
||
| 250 | _a2nd ed. | ||
| 260 |
_bBSP Professional, _c1988. |
||
| 300 |
_a136 p. : _bDiagram, _c31 cm. |
||
| 500 | _aIncludes index. | ||
| 942 |
_cBB _k690B279 |
||
| 999 |
_c973 _d973 |
||